00425nam a22001577a 450000500170000000800410001704100140005808200230007210000330009524500470012826000280017530000180020365000150022165000130023665000180024920160128191724.0160128b xxu||||| |||| 00| 0 spa d aEspañol a972.860.4bF363i  aFernández Guardia, Ricardo aLa independencia : historia de Costa Rica  aCosta RicabEUNEDc2007 a232 páginas aCOSTA RICA aHISTORIA aINDEPENDENCIA